[Event "Banff op"]
[Site "Banff"]
[Date "2023.11.12"]
[Round "5"]
[White "Boehmer, Kris"]
[Black "Huh, Isaak"]
[Result "1/2-1/2"]
[WhiteElo "2038"]
[BlackElo "1944"]
[PlyCount "126"]
[EventDate "2023.11.10"]
[EventType "swiss"]
[EventRounds "6"]
[EventCountry "CAN"]
[SourceTitle "CB47_2023"]
[SourceDate "2023.11.22"]
[SourceVersion "1"]
[SourceVersionDate "2023.11.22"]
[SourceQuality "1"]

1. d4 Nf6 2. c4 e6 3. g3 d5 4. Bg2 Bb4+ 5. Bd2 Be7 6. Nf3 0-0 7. 0-0 c6 8. Qc2 Nbd7 9. Bf4 b6 10. Rd1 Ba6 11. Ne5 Rc8 12. cxd5 Nxd5 13. Nxc6 Nb4 14. Qa4 Nxc6 15. Bxc6 Bxe2 16. Re1 b5 17. Qxa7 Rxc6 18. Rxe2 Qc8 19. Nc3 g5 20. d5 Ra6 21. Qc7 gxf4 22. Qxf4 e5 23. Qg4+ Rg6 24. Qf5 b4 25. Ne4 Bd6 26. h4 Nc5 27. Nxd6 Rxd6 28. Qg5+ Rg6 29. Qxe5 Qg4 30. Rd1 Qxh4 31. d6 Ne6 32. Re4 Qh3 33. Rxb4 Rh6 34. Rh4 Rxh4 35. gxh4 Qg4+ 36. Qg3 Qxg3+ 37. fxg3 Rb8 38. d7 Kf8 39. b4 Ke7 40. a3 Kd8 41. Rf1 Ke7 42. Rd1 Rd8 43. Kf2 Nf8 44. Re1+ Ne6 45. Rd1 Rxd7 46. Rxd7+ Kxd7 47. g4 Kd6 48. Kf3 Ke5 49. g5 Nd4+ 50. Kg4 Nf5 51. a4 Ne3+ 52. Kh5 Ng2 53. a5 Kd5 54. b5 Kc5 55. b6 Kc6 56. Kh6 Nxh4 57. Kxh7 Nf3 58. Kg7 Nxg5 59. Kf6 Nf3 60. Kxf7 Ne5+ 61. Ke6 Nc4 62. a6 Kxb6 63. a7 Kxa7 1/2-1/2